00338nam a2200133Ia 45000030006000000080041000060400015000471000021000622450054000832600032001373000006001695460012001750050017001870STCL150530s9999 xx 000 0 und d aSTCLcSTCL aKavathekar, K.Y. aIndian Journal of Biotechnology April 2008, Vol-7 bNISCAIR; Delhic2008aDelhi a0 aEnglish20220125165905.0